A24_ごみのリサイクル率TOP100の市町村 - Statistics

General Stats
  • This quiz has been taken 6 times
  • The average score is 38 of 100
Answer Stats
順位 都道府
県名
種類 ごみの
リサイ
クル率
(%)
市町村名 % Correct
4 山口県 98.2 美祢市
80%
8 埼玉県 91.4 小川町
60%
11 埼玉県 87.1 東秩父村
60%
13 埼玉県 86.3 嵐山町
60%
24 高知県 67.4 津野町
60%
33 福岡県 63.5 志免町
60%
36 兵庫県 60.2 神河町
60%
37 滋賀県 59.9 甲良町
60%
44 滋賀県 58.6 豊郷町
60%
47 熊本県 58.0 阿蘇市
60%
51 滋賀県 57.0 愛荘町
60%
57 熊本県 54.7 荒尾市
60%
58 島根県 54.2 飯南町
60%
59 茨城県 53.9 鹿嶋市
60%
61 広島県 51.9 府中市
60%
84 東京都 44.1 立川市
60%
98 埼玉県 39.7 桶川市
60%
1 熊本県 100.0 小国町
40%
2 埼玉県 99.7 日高市
40%
3 高知県 99.6 中土佐町
40%
7 福岡県 93.9 鞍手町
40%
9 埼玉県 87.5 ときがわ町
40%
9 鹿児島県 87.5 屋久島町
40%
12 北海道 86.7 留寿都村
40%
15 鹿児島県 84.0 大崎町
40%
16 埼玉県 83.9 滑川町
40%
17 徳島県 81.1 上勝町
40%
18 北海道 80.3 真狩村
40%
19 滋賀県 76.2 多賀町
40%
20 鹿児島県 76.0 志布志市
40%
23 福岡県 69.6 苅田町
40%
29 福岡県 65.4 篠栗町
40%
32 香川県 64.2 三豊市
40%
34 福岡県 62.6 粕屋町
40%
37 高知県 59.9 檮原町
40%
39 兵庫県 59.8 市川町
40%
40 三重県 59.4 紀北町
40%
42 北海道 59.1 富良野市
40%
43 熊本県 58.9 南阿蘇村
40%
46 熊本県 58.1 南小国町
40%
47 熊本県 58.0 高森町
40%
49 広島県 57.5 神石高原町
40%
50 岐阜県 57.2 恵那市
40%
52 神奈川県 56.7 鎌倉市
40%
55 鳥取県 55.0 日吉津村
40%
55 高知県 55.0 須崎市
40%
60 京都府 52.0 綾部市
40%
67 神奈川県 49.6 葉山町
40%
68 東京都 48.9 国分寺市
40%
68 奈良県 48.9 上北山村
40%
71 東京都 48.3 利島村
40%
71 福岡県 48.3 築上町
40%
73 東京都 48.0 小金井市
40%
76 島根県 46.5 雲南市
40%
77 島根県 46.3 知夫村
40%
79 鹿児島県 45.7 垂水市
40%
81 徳島県 44.4 神山町
40%
84 岡山県 44.1 倉敷市
40%
86 広島県 44.0 福山市
40%
88 石川県 43.4 中能登町
40%
89 長野県 43.0 南木曽町
40%
90 東京都 42.3 東村山市
40%
91 宮崎県 42.2 小林市
40%
92 鳥取県 41.6 琴浦町
40%
93 東京都 41.3 西東京市
40%
93 愛知県 41.3 武豊町
40%
95 茨城県 41.2 神栖市
40%
96 長野県 40.9 高山村
40%
97 東京都 40.8 調布市
40%
98 長野県 39.7 大鹿村
40%
5 福岡県 94.1 宮若市
20%
6 福岡県 94.0 小竹町
20%
14 北海道 86.1 喜茂別町
20%
21 北海道 74.4 豊浦町
20%
22 北海道 71.9 蘭越町
20%
25 福岡県 67.1 宇美町
20%
26 福岡県 67.0 大木町
20%
27 福岡県 66.4 うきは市
20%
28 北海道 65.8 小平町
20%
30 福岡県 65.0 須恵町
20%
31 長野県 64.3 木島平村
20%
35 北海道 62.2 ニセコ町
20%
41 熊本県 59.2 産山村
20%
44 北海道 58.6 倶知安町
20%
53 奈良県 55.8 斑鳩町
20%
54 福岡県 55.5 大牟田市
20%
62 北海道 50.9 下川町
20%
62 群馬県 50.9 神流町
20%
64 北海道 50.1 斜里町
20%
65 北海道 49.8 鹿追町
20%
66 北海道 49.7 羅臼町
20%
70 北海道 48.6 京極町
20%
74 青森県 47.1 蓬田村
20%
74 鹿児島県 47.1 東串良町
20%
78 神奈川県 45.9 逗子市
20%
80 北海道 45.3 幌加内町
20%
82 北海道 44.2 中富良野町
20%
82 北海道 44.2 興部町
20%
87 北海道 43.7 大空町
20%
98 北海道 39.7 雄武町
20%
No matching quizzes found
Score Distribution
Percent of People with Each Score
Percentile by Number Answered
Your Score History
You have not taken this quiz